000 02679nam a22003255i 4500
001 22225218
005 20260421120625.0
008 210908s2022 nyu 000 0 eng
010 _a 2021946693
020 _a9780192855008
_q(paperback)
035 _a22225218
040 _aDLC
_beng
_erda
_cDLC
042 _apcc
082 _a346.42059 PEN
100 1 _aPenner, JE,
245 1 4 _aThe law of trusts /
_cJE Penner.
250 _a12th.
263 _a2202
264 1 _aNew York :
_bOxford University Press,
_c2022.
300 _axxxv, 504 pages;
_c24 cm.
336 _atext
_btxt
_2rdacontent
365 _bRs. 5867.00
490 0 _aCore text- paper
505 _aPart I: The Express Trust: 1:Historical origins of the trust - 2:Basic principles - 3:Trusts and powers - 4:Modern discretionary trusts - 5:Certainty - 6:Constitution - 7:The beneficiary principle - 8:The trust up and running - 9:Formalities - Part II: Resulting Trusts and Bare Trusts: 10:Resulting trusts - 11:Bare trusts subject to contractual obligations and agency mandates - Part III: Liabilities Arising from Breach of Trust and Fiduciary Obligations: 12:Following, tracing, and claiming - 13:The trustee's liability for breach of trust - 14:Fiduciary relationships - 15:Third party liability for breach of trust and fiduciary obligations - 16:Restitution, unjust enrichment, and the law of trusts - Part IV: Constructive Trusts: 17:Constructive trusts and informal trusts of family property - Part V: Charity: 18:The law governing charities.
520 _a"Titles in the Core Text series take the reader straight to the heart of the subject, providing focused, concise, and reliable guides for students at all levels. The Law of Trusts provides perceptive analysis and original and thought-provoking commentary to give students a grounding in what is considered to be a difficult subject. The book introduces the controversies surrounding the topic in a clear way allowing the student reader to appreciate the subject's theoretical issues and difficulties, engaging the reader and giving an all-round picture of the key issues relating to the subject. Each chapter of his edition has been thoroughly revised to bring into focus the modern law of trusts. New to this edition, Chapters 4 and 11, examine important trusts which rarely get significant coverage in their own right: the modern discretionary trust, the solicitor-agent trust, the Quistclose trust, and the unincorporated association trust"--
_cProvided by publisher.
700 _aJeremiah Lau
906 _a0
_bibc
_corignew
_d2
_eepcn
_f20
_gy-gencatlg
942 _2ddc
_cBK
999 _c217940
_d217940